000 00405pab a2200169 454500
008 180718b2009 xxu||||| |||| 00| 0 eng d
100 _aPerumal, V.M.S.
245 _aFood security and public distribution system
260 _c2009
300 _ap.28-29.
362 _aSep
650 _aPublic distribution system
650 _aFood supply
773 _aKurukshetra
908 _aN
909 _a84052
999 _c84052
_d84052